Normal view
MARC view
- Industrial electrical plant manintance
Entry Topical Term
001 - CONTROL NUMBER
- control field: 107110
003 - CONTROL NUMBER IDENTIFIER
- control field: NUST
005 - DATE AND TIME OF LATEST TRANSACTION
- control field: 20230119135342.0
008 - FIXED-LENGTH DATA ELEMENTS
- fixed length control field: 230119|| aca||aabn | a|a d
040 ## - CATALOGING SOURCE
- Original cataloging agency: NUST
- Transcribing agency: NUST
150 ## - HEADING--TOPICAL TERM
- Topical term or geographic name entry element: Industrial electrical plant manintance
670 ## - SOURCE DATA FOUND
- Source citation: Work cat.: (NUST)185004: E. G. Anness 107109, Industrial electrical plant manintance /, 1950
